Countries with the Highest Trade Surplus Percentage - Statistics

General Stats
  • This quiz has been taken 38 times
  • The average score is 8 of 15
Answer Stats
Hint Answer % Correct
27.9% Singapore
87%
11.9% Netherlands
80%
16.3% Qatar
77%
13.9% Kuwait
73%
19.6% United Arab Emirates
73%
13.3% Taiwan
70%
37.4% Ireland
63%
16.7% Brunei
60%
18.4% Liechtenstein
60%
80.2% San Marino
37%
11.2% Azerbaijan
27%
12.4% Angola
20%
21.4% Equatorial Guinea
20%
12.1% Mongolia
20%
36.1% Papua New Guinea
10%
No matching quizzes found
Score Distribution
Percent of People with Each Score
Percentile by Number Answered
Your Score History
You have not taken this quiz